The Lewis Hamilton Quiz - Statistics

General Stats
  • This quiz has been taken 285 times
    145 since last reset
  • The average score is 14 of 16
Answer Stats
Hint Answer % Correct
Nationality British
98%
First Team (2007-2012) McLaren
97%
Current Team Ferrari
96%
Team from 2013 to 2024 Mercedes
96%
Year of birth 1985
95%
Current Teammate Charles Leclerc
95%
Current driver number 44
94%
Driver who had the same amount of points as Hamilton before the last race of 2021 Max Verstappen
94%
Teammate who won the championship in 2016 Nico Rosberg
92%
Teammate from 2017 to 2021 Valtteri Bottas
90%
First Teammate Fernando Alonso
89%
Driver who won the championship in 2007, one point above Hamilton Kimi Räikkönen
84%
Number of wins in F1 105
83%
Name of his father Anthony Hamilton
70%
Grand Prix where he got his first win Canada
69%
Name ANY of his middle names Carl | Davidson | Larbalestier
62%
No matching quizzes found
Score Distribution
Percent of People with Each Score
Percentile by Number Answered
Your Score History
You have not taken this quiz since the last reset